Caste in modern Ceylon; (Record no. 152)
[ view plain ]
| 000 -LEADER | |
|---|---|
| fixed length control field | 00464cam a22001691 4500 |
| 001 - CONTROL NUMBER | |
| control field | 6508121 |
| 005 - DATE AND TIME OF LATEST TRANSACTION | |
| control field | 20231205045428.0 |
| 008 - FIXED-LENGTH DATA ELEMENTS--GENERAL INFORMATION | |
| fixed length control field | 720905s1953 xx 000 0 eng |
| 040 ## - CATALOGING SOURCE (பட்டியலாக்க மூலம்) | |
| Original cataloging agency | DLC |
| Transcribing agency | OAU |
| Modifying agency | DLC |
| 082 ## - DDC Classification | |
| Class No. | 301.44 |
| -- | 323.3 |
| DDC Edition Number | 22 |
| Item Number - Author Mark | BRY. |
| 100 1# - MAIN ENTRY--PERSONAL NAME | |
| Personal name | Ryan, Bryce F., |
| 245 10 - TITLE STATEMENT | |
| Title | Caste in modern Ceylon; |
| Remainder of title | the Sinhalese system in transition. |
| 260 ## - PUBLICATION, DISTRIBUTION, ETC. | |
| Place of publication, distribution, etc. | New Brunswick, |
| Name of publisher, distributor, etc. | Rutgers University Press, |
| Date of publication, distribution, etc. | 1953. |
| 300 ## - PHYSICAL DESCRIPTION | |
| Extent (e.g. Volumes, Pages etc.) | ix, 371 p. |
| 650 #0 - SUBJECT ADDED ENTRY--TOPICAL TERM | |
| Topical term or geographic name entry element | Caste |
| 942 ## - Koha item type (Biblio) | |
| Koha item type | Books in Stacks (Lending) |
| Lost status | Damaged status | Collection code | Home library | Current library | Date acquired | Full call number | Accession Number | Item type |
|---|---|---|---|---|---|---|---|---|
| Lending | WERC Library | WERC Library | 12/05/2023 | 301.44 323.3 BRY. | 1702 | Books in Stacks (Lending) |
